Intravitreálny implantát dexametazónu pri liečbe oklúzie VCR - naše skúsenosti

Podrobná bibliografia
Hlavní autori: Klánek, D. (Author), Šustykevičová, Z. (Author), Káčerik, M. (Author)
Médium: Článok
Jazyk:Slovak
Témy:
ISBN: 9788097099923
Zdroj: 1. Vedecké pracovné dni Slovenskej oftalmologickej spoločnosti a Sekcie ambulantných lekárov 18.-19.5.2012 v Košiciach: zborník abstraktov 1. Košice : LAGARTO, s.r.o., 2012 1. S. 67 1. 9788097099923
LEADER 01297nab#a2200397#ar4500
001 000118921
003 SVKKK
005 20170113093120.0
008 170112c2012 xo |||||||||||||||b|slo
FMT
015 |a SNBRB2017/01 
038 |a SVKKK 
040 |a SVKKK  |b slo  |e AACR2 
041 0 |b slo 
044 |a xo  |c SK 
080 |a 617.7  |2 2011 
080 |a 005.745  |2 2011 
090 |a IV.219426 
100 1 |a Klánek, D.  |4 aut 
245 1 0 |a Intravitreálny implantát dexametazónu pri liečbe oklúzie VCR - naše skúsenosti  |c D. Klánek, Z. Šustykevičová, M. Káčerik 
546 |a Res. slov. 
611 2 4 |a Vedecké pracovné dni Slovenskej oftalmologickej spoločnosti a Sekcie ambulantných lekárov  |d (18.-19.5.2012 :  |c Košice, Slovensko)  |g kongres 
650 0 4 |a oftalmológia 
650 0 4 |a vedecké kongresy 
650 0 4 |a abstrakty 
650 0 4 |a oklúzia VCR  |x liečba 
700 1 |a Šustykevičová, Z.  |4 aut 
700 1 |a Káčerik, M.  |4 aut 
773 0 |t Vedecké pracovné dni Slovenskej oftalmologickej spoločnosti a Sekcie ambulantných lekárov 18.-19.5.2012 v Košiciach: zborník abstraktov  |d Košice : LAGARTO, s.r.o., 2012  |g S. 67  |z 9788097099923 
958 |a ME 
974 |a Va 
992 |a RZB 
BAS
852 |a SVKKK  |b BIB 
EXP
998 |a SLO